| 000 | 00354nam a2200145Ia 4500 | ||
|---|---|---|---|
| 008 | 230917s9999||||xx |||||||||||||| ||und|| | ||
| 040 |
_e34885 _aMAIN |
||
| 041 | _aEnglish | ||
| 082 | _a342.54 S43S | ||
| 100 | _aShelat, J M | ||
| 245 | 0 | _aSpirit of the constitution | |
| 260 |
_aBombay _bBharatiya Vidhya Bhawan _c1967 |
||
| 300 | _a50 p. | ||
| 942 | _cBK | ||
| 999 |
_c58493 _d58493 |
||